MARC

LEADER 00000nam0a2200000 4500
001 251863
005 20231101232709.0
020 |a RU  |b 88-9561 
035 |a (RuTPU)RU\TPU\book\274175 
090 |a 251863 
100 |a 19950417d1987 k y0rusy5003 ca 
101 0 |a rus 
102 |a RU 
105 |a a z 001zy 
200 1 |a Исследования и расчет строительных конструкций энергетических сооружений  |e межвузовский сборник  |f Ленинградский политехнический институт им. М. И. Калинина (ЛПИ) ; под ред. П. И. Васильева 
210 |a Ленинград  |c Изд-во Ленинградского политехнического ин-та  |d 1987 
215 |a 148.10,[1] с.  |c ил. 
320 |a Библиогр. в конце ст. 
606 1 |a Атомные электрические станции  |x Защитные оболочки, железобетонные  |2 stltpush  |3 (RuTPU)RU\TPU\subj\29743  |9 53011 
606 1 |a Строительные конструкции  |x Расчет  |2 stltpush  |3 (RuTPU)RU\TPU\subj\57386  |9 75248 
610 1 |a статика 
610 1 |a динамика 
610 1 |a напряженно-деформированное состояние 
610 1 |a численное интегрирование 
610 1 |a точные решения 
675 |a 621.311.25:621.039.58  |v 3 
675 |a 624.04  |v 3 
702 1 |a Васильев  |b П. И.  |g Порфирий Иванович  |4 340 
712 0 2 |a Ленинградский политехнический институт им. М. И. Калинина (ЛПИ)  |c (1924-1930, 1940-1990)  |2 stltpush  |3 (RuTPU)RU\TPU\col\2601 
801 1 |a RU  |b 63413507  |c 20140225 
801 2 |a RU  |b 63413507  |c 20140313  |g RCR 
942 |c BK